<?xml version="1.0" encoding="UTF-8"?>
<record
    xmlns:xsi="http://www.w3.org/2001/XMLSchema-instance"
    xsi:schemaLocation="http://www.loc.gov/MARC21/slim http://www.loc.gov/standards/marcxml/schema/MARC21slim.xsd"
    xmlns="http://www.loc.gov/MARC21/slim">

  <leader>01103nam a2200241 a 4500</leader>
  <controlfield tag="001">55892</controlfield>
  <controlfield tag="003">BD-RjUL</controlfield>
  <controlfield tag="005">20211209080328.0</controlfield>
  <controlfield tag="008">161122s1966    bg ||||| |||| 001 0 ben d</controlfield>
  <datafield tag="035" ind1=" " ind2=" ">
    <subfield code="a">(BD-RjUL)56016</subfield>
  </datafield>
  <datafield tag="040" ind1=" " ind2=" ">
    <subfield code="a">BD-RjUL</subfield>
    <subfield code="b">ben</subfield>
    <subfield code="c">BD-RjUL</subfield>
    <subfield code="d">BD-RjUL</subfield>
  </datafield>
  <datafield tag="041" ind1=" " ind2=" ">
    <subfield code="a">ben</subfield>
  </datafield>
  <datafield tag="082" ind1=" " ind2=" ">
    <subfield code="2">23</subfield>
    <subfield code="a">346.075492</subfield>
    <subfield code="b">FAB 1966</subfield>
  </datafield>
  <datafield tag="100" ind1="1" ind2=" ">
    <subfield code="a">&#x9AB;&#x9BE;&#x9B0;&#x9C1;&#x995;&#x9C0;, &#x9AE;&#x9CB;&#x983; &#x9A8;&#x9C1;&#x9B0;&#x9C1;&#x9B2; &#x987;&#x9B8;&#x9B2;&#x9BE;&#x9AE;</subfield>
    <subfield code="9">136762</subfield>
  </datafield>
  <datafield tag="245" ind1="1" ind2="0">
    <subfield code="a">&#x9AC;&#x9BE;&#x9A3;&#x9BF;&#x99C;&#x9CD;&#x9AF;&#x9BF;&#x995; &#x993; &#x9B6;&#x9BF;&#x9B2;&#x9CD;&#x9AA; &#x986;&#x987;&#x9A8; = [Commercial &amp; Industial Law] /</subfield>
    <subfield code="c">&#x9AE;&#x9CB;&#x983; &#x9A8;&#x9C1;&#x9B0;&#x9C1;&#x9B2; &#x987;&#x9B8;&#x9B2;&#x9BE;&#x9AE; &#x9AB;&#x9BE;&#x9B0;&#x9C1;&#x995;&#x9C0;, &#x9AE;&#x9CB;&#x983; &#x9AE;&#x9CB;&#x99C;&#x9BE;&#x9B9;&#x9BE;&#x9B0; &#x99C;&#x9BE;&#x9AE;&#x9BF;&#x9B2; &#x993; &#x986;&#x9B2;&#x9AE;&#x997;&#x9C0;&#x9B0; &#x9B9;&#x9CB;&#x9B8;&#x9C7;&#x9A8;</subfield>
  </datafield>
  <datafield tag="260" ind1=" " ind2=" ">
    <subfield code="a">&#x9A2;&#x9BE;&#x995;&#x9BE; :</subfield>
    <subfield code="b">&#x995;&#x9BE;&#x99C;&#x9C0; &#x9AA;&#x9CD;&#x9B0;&#x995;&#x9BE;&#x9B6;&#x9A8;,</subfield>
    <subfield code="c">&#x9E7;&#x9EF;&#x9EC;&#x9EC;</subfield>
  </datafield>
  <datafield tag="300" ind1=" " ind2=" ">
    <subfield code="a">xxxii, &#x9EE;&#x9E7;&#x9EC; &#x9AA;&#x9C3;. ;</subfield>
    <subfield code="c">&#x9E8;&#x9E6; &#x9B8;&#x9C7;&#x9AE;&#x9BF;.</subfield>
  </datafield>
  <datafield tag="650" ind1=" " ind2=" ">
    <subfield code="a">&#x9AC;&#x9BE;&#x9A3;&#x9BF;&#x99C;&#x9CD;&#x9AF;&#x9BF;&#x995; &#x986;&#x987;&#x9A8;</subfield>
    <subfield code="z">&#x9AC;&#x9BE;&#x982;&#x9B2;&#x9BE;&#x9A6;&#x9C7;&#x9B6;</subfield>
    <subfield code="9">143814</subfield>
  </datafield>
  <datafield tag="650" ind1=" " ind2=" ">
    <subfield code="a">Commercial law</subfield>
    <subfield code="z">Bangladesh</subfield>
    <subfield code="9">143815</subfield>
  </datafield>
  <datafield tag="700" ind1=" " ind2=" ">
    <subfield code="a">&#x99C;&#x9BE;&#x9AE;&#x9BF;&#x9B2;, &#x9AE;&#x9CB;&#x983; &#x9AE;&#x9CB;&#x99C;&#x9BE;&#x9B9;&#x9BE;&#x9B0; </subfield>
    <subfield code="9">166402</subfield>
  </datafield>
  <datafield tag="700" ind1=" " ind2=" ">
    <subfield code="a">&#x9B9;&#x9CB;&#x9B8;&#x9C7;&#x9A8;,  &#x986;&#x9B2;&#x9AE;&#x997;&#x9C0;&#x9B0; </subfield>
    <subfield code="9">166403</subfield>
  </datafield>
  <datafield tag="942" ind1=" " ind2=" ">
    <subfield code="2">ddc</subfield>
    <subfield code="c">BK</subfield>
  </datafield>
  <datafield tag="999" ind1=" " ind2=" ">
    <subfield code="c">55892</subfield>
    <subfield code="d">55892</subfield>
  </datafield>
  <datafield tag="952" ind1=" " ind2=" ">
    <subfield code="0">0</subfield>
    <subfield code="1">0</subfield>
    <subfield code="2">ddc</subfield>
    <subfield code="4">0</subfield>
    <subfield code="7">0</subfield>
    <subfield code="8">NFIC</subfield>
    <subfield code="a">RUCL</subfield>
    <subfield code="b">RUCL</subfield>
    <subfield code="c">Stack</subfield>
    <subfield code="d">1988-02-16</subfield>
    <subfield code="e">Bangla Academy, Dhaka.</subfield>
    <subfield code="g">72.00</subfield>
    <subfield code="l">0</subfield>
    <subfield code="o">B 346.075492 FAB 1966</subfield>
    <subfield code="r">2016-11-22 00:00:00</subfield>
    <subfield code="t">C-2</subfield>
    <subfield code="w">2016-11-22</subfield>
    <subfield code="y">BK</subfield>
  </datafield>
</record>
